01314nac a22002651u 4500020001500000082002200015090001500037100003400052245024000086260006300326300003800389504008900427504004100516610003500557650005900592650008300651651003800734700002900772700001800801710002700819710005300846942002500899999001500924952010900939 a9774248929 a 281.709622bG117 c4051d4051 a20080729  aChristianity and monasticism in the Fayoum oasis :b essays from the 2004 international symposium of the Saint Mark Foundation and the Saint Shenouda the Archimandrite Coptic Society inhonor of Martin Krause /c edited by Gawdat Gabra. aCairo :b American University in Cairo Press, 2005.c2005 a xxxiv, 322 p. :b ill. ;c24 cm. a Includes bibliography of Martin Krause compiled by Lucia Langener (p. [xix]-xxxiv). aIncludes bibliographical references. aCoptic ChurchxHistoryz Egypt aChristianity.v Congressesx Historyz Egypt - Fayyum aMonasticism and religious orders, Copticx Historyv Congressesz Egypt Fayyum aFayyum (Egypt)x Church history . a Krause, Martin,d 1930- aGabra, Gawdat aSaint Mark Foundation. aSaint Shenouda the Archimandrite Coptic Society. cBBk 281.709622 G117 c4051d4051 00104070aMAINbMAINcLOWd2016-08-07ePurchasel0o281.709622 CHRp000000030r2025-07-15 00:00:00yBB